000 00709nam a2200277Ia 4500
005 20260324132731.0
008 008 260324s9999 xx 000 0 eng d
020 _a9780429078521
037 _aEBOOK
040 _aCRL
040 _beng
040 _cCRL
041 _2eng
041 _aeng
084 _qCRL
100 _aLeonard Eaton; Charles Forney
_91190417
245 0 _aProceedings of the Ninth North American Blueberry Research and Extension Workers Conference
260 _bTaylor and Francis
260 _c2004
365 _a
365 _b400
856 _uhttp://www.taylorfrancis.com/books/9780429078521
942 _cEBOOK
999 _c1788768
_d1788768